| 000 | 00963cab a2200289 4500 | ||
|---|---|---|---|
| 001 | ABS48510 | ||
| 008 | 090401t1993 xxu||||| |||| 00| 0 eng d | ||
| 035 | _a(Sirsi) u67169 | ||
| 041 | _aeng | ||
| 245 | _aAlternative land use | ||
| 260 | _c1993 | ||
| 300 | _aLOAN | ||
| 350 | _a0 | ||
| 490 |
_aFarm Development Review _v7(6) April 1993 (8) |
||
| 520 | _aReviews the farm attractions network; office conversions for redundant farm buildings; growth in teleworking. Other issues include the sale of a crayfish unit, a review on West Country farm tourism, safety in deer farming, and long-term set-aside proposals. | ||
| 650 | _aCRAYFISH FARMING | ||
| 650 | _aDEER FARMING | ||
| 650 | _aDIVERSIFICATION SCHEMES | ||
| 650 | _aFARM BUILDINGS | ||
| 650 | _aFARM TOURISM | ||
| 650 | _aFARMING AND FARM DIVERSIFICATION | ||
| 650 | _aREDUNDANT BUILDINGS | ||
| 650 | _aTELEWORKING | ||
| 690 | _aRURAL PRACTICE | ||
| 942 | _n0 | ||
| 948 | _c04/03/1997 | ||
| 999 |
_c42031 _d42031 |
||